KOHA-Header-6

Accounting (Record no. 8538)

000 -LEADER
fixed length control field 00249nam a2200109Ia 4500
100 ## - MAIN ENTRY--AUTHOR NAME
Personal name Meigs Williams Haka
245 #0 - TITLE STATEMENT
Title Accounting
260 ## - PUBLICATION, DISTRIBUTION, ETC. (IMPRINT)
Place of publication London
Name of publisher Addison
Year of publication 1993
300 ## - PHYSICAL DESCRIPTION
Number of Pages 550
942 ## - ADDED ENTRY ELEMENTS (KOHA)
Koha item type Books
Holdings
Withdrawn status Lost status Collection code Permanent Location Current Location Shelving location Date acquired Full call number Accession Number Koha item type
      MAJU MAJU   2019-09-14 658.83 3311 Accounting

Powered by Koha